|
|
|
|
| LEADER |
00000nam a2200000 a 4500 |
| 001 |
vtls009349252 |
| 003 |
SK-MaSNL |
| 005 |
20260302080318.0 |
| 008 |
240315s2008 xo a b p 000 0 hun |
| 015 |
|
|
|a SNBA2008/12-05506
|
| 020 |
|
|
|a 9788010011803
|q (brož.)
|
| 035 |
|
|
|a D10CF312-E868-4237-89CD-2FF849C2841A
|
| 035 |
|
|
|a urn:nbn:sk:snk-amjvq9
|
| 035 |
|
|
|a urn:nbn:sk:snk-am0080s8
|
| 040 |
|
|
|a SNK
|b slo
|c SNK
|e AACR2
|
| 041 |
1 |
|
|a hun
|h slo
|
| 044 |
|
|
|a xo
|c SK
|
| 072 |
|
7 |
|a 37
|x Výchova a vzdelávanie
|2 konspekt
|
| 080 |
|
|
|a 37.034
|2 2001
|
| 080 |
|
|
|a (075.2)
|2 2001
|
| 080 |
|
|
|a (076.1)
|2 2001
|
| 100 |
1 |
|
|a Ivanová, Eva
|4 aut
|9 20358
|
| 245 |
1 |
0 |
|a Etikai nevelés 2 az alapiskola 2. osztálya számára
|p Feladatlapok
|c [szerzők: Eva Ivanová, Ľubica Kopinová, Mária Otottová ; illusztrálta Martin Kellenberger ; fordította Bolemant Lilla]
|
| 246 |
3 |
0 |
|a Feladatlapok
|
| 250 |
|
|
|a 1. kiad.
|
| 260 |
|
|
|a Bratislava
|b Slovenské pedagogické nakladateľstvo
|c 2008
|
| 300 |
|
|
|a 32 , 24 s.
|b fareb. ilustr.
|c 29 cm
|
| 500 |
|
|
|a Tir. aj slov.
|
| 500 |
|
|
|a Náz. z obalu. 2 brožúry v prebale
|
| 650 |
0 |
7 |
|a etická výchova
|2 SNKPH
|9 4075
|
| 650 |
0 |
7 |
|a Ethical education
|2 SNKPHeng
|9 265290
|
| 655 |
|
7 |
|a učebnice základných škôl
|2 SNKPH
|9 70187
|
| 655 |
|
7 |
|a pracovné listy
|2 SNKPH
|9 70565
|
| 655 |
|
7 |
|a Textbooks (elementary)
|2 SNKPHeng
|9 276977
|
| 655 |
|
7 |
|a Activity pages
|2 SNKPHeng
|9 303110
|
| 700 |
1 |
|
|a Kopinová, Ľubica
|4 aut
|9 6421
|
| 700 |
1 |
|
|a Otottová, Mária
|4 aut
|9 317724
|
| 700 |
1 |
|
|a Kellenberger, Martin,
|d 1957-
|4 ill
|9 90777
|
| 700 |
1 |
|
|a Bolemant, Lilla
|4 trl
|9 310097
|
| 919 |
|
|
|a 978-80-10-01180-3
|
| 958 |
|
|
|a OND
|
| 958 |
|
|
|a HU
|
| 958 |
|
|
|a NM
|
| 958 |
|
|
|a OP
|
| 968 |
|
|
|a Mag
|b SLO
|d 37
|
| 999 |
|
|
|c 1172610
|d 1174540
|
| 952 |
|
|
|a SNK
|b SNK
|y PREZ
|7 0
|p 17A0602460
|o snkSB 76818
|i snk2008/20102
|8 0
|0 0
|1 0
|4 0
|d 2008-10-17
|f 1
|l 0
|r 2025-04-25 00:00:00
|w 2026-02-24
|
| 952 |
|
|
|a SNK
|b SNK
|y VYP
|7 0
|p 17A0602459
|o snkSB 76818 D1
|i snk2008/20103
|8 0
|0 0
|1 0
|4 0
|d 2008-10-17
|l 0
|r 2016-06-30 00:00:00
|w 2026-02-24
|